<?xml version="1.0" encoding="UTF-8"?>
<record
    xmlns:xsi="http://www.w3.org/2001/XMLSchema-instance"
    xsi:schemaLocation="http://www.loc.gov/MARC21/slim http://www.loc.gov/standards/marcxml/schema/MARC21slim.xsd"
    xmlns="http://www.loc.gov/MARC21/slim">

  <leader>00524nam a22001577a 4500</leader>
  <controlfield tag="003">OSt</controlfield>
  <controlfield tag="005">20151102151422.0</controlfield>
  <controlfield tag="008">151102b        xxu||||| |||| 00| 0 eng d</controlfield>
  <datafield tag="040" ind1=" " ind2=" ">
    <subfield code="c">RUA</subfield>
  </datafield>
  <datafield tag="082" ind1=" " ind2=" ">
    <subfield code="a">FOR &#x179B;&#x17B9;&#x1798;&#x200B; 1992&#x200B; B117 Or.1</subfield>
  </datafield>
  <datafield tag="100" ind1=" " ind2=" ">
    <subfield code="9">3195</subfield>
    <subfield code="a">&#x179B;&#x17B9;&#x1798; &#x179B;&#x17B8;&#x17A1;&#x17B6;</subfield>
  </datafield>
  <datafield tag="245" ind1=" " ind2=" ">
    <subfield code="a">&#x1780;&#x17B6;&#x179A;&#x179F;&#x17B7;&#x1780;&#x17D2;&#x179F;&#x17B6;&#x1796;&#x17B8;&#x1780;&#x179F;&#x17B7;&#x1780;&#x1798;&#x17D2;&#x1798;&#x1796;&#x1793;&#x17C1;&#x1785;&#x179A; &#x1793;&#x17C5;&#x179F;&#x17D2;&#x179A;&#x17BB;&#x1780;&#x1794;&#x17B6;&#x179B;&#x17BB;&#x1784; &#x1781;&#x17C1;&#x178F;&#x17D2;&#x178F;&#x179A;&#x178F;&#x1793;&#x1782;&#x17B8;&#x179A;&#x17B8;</subfield>
  </datafield>
  <datafield tag="260" ind1=" " ind2=" ">
    <subfield code="a">Phnom Penh</subfield>
    <subfield code="b">RUA</subfield>
    <subfield code="c">1992</subfield>
  </datafield>
  <datafield tag="300" ind1=" " ind2=" ">
    <subfield code="a">46p.</subfield>
    <subfield code="b">ill.</subfield>
    <subfield code="c">29cm.</subfield>
  </datafield>
  <datafield tag="942" ind1=" " ind2=" ">
    <subfield code="2">ddc</subfield>
    <subfield code="c">FOR</subfield>
  </datafield>
  <datafield tag="999" ind1=" " ind2=" ">
    <subfield code="c">2983</subfield>
    <subfield code="d">2983</subfield>
  </datafield>
  <datafield tag="952" ind1=" " ind2=" ">
    <subfield code="0">0</subfield>
    <subfield code="1">0</subfield>
    <subfield code="2">ddc</subfield>
    <subfield code="4">0</subfield>
    <subfield code="6">FOR_&#x179B;&#x17B9;&#x1798;_1992_B117_OR_1_000000000000000</subfield>
    <subfield code="7">0</subfield>
    <subfield code="9">14237</subfield>
    <subfield code="a">LBB</subfield>
    <subfield code="b">LBB</subfield>
    <subfield code="c">B117</subfield>
    <subfield code="d">2015-11-02</subfield>
    <subfield code="o">FOR &#x179B;&#x17B9;&#x1798;&#x200B; 1992&#x200B; B117 Or.1</subfield>
    <subfield code="p">RUA026034</subfield>
    <subfield code="r">2015-11-02</subfield>
    <subfield code="w">2015-11-02</subfield>
    <subfield code="y">FOR</subfield>
  </datafield>
  <datafield tag="952" ind1=" " ind2=" ">
    <subfield code="0">0</subfield>
    <subfield code="1">0</subfield>
    <subfield code="2">ddc</subfield>
    <subfield code="4">0</subfield>
    <subfield code="6">FOR_&#x179B;&#x17B9;&#x1798;_1992_B117_OR_2_000000000000000</subfield>
    <subfield code="7">0</subfield>
    <subfield code="9">14238</subfield>
    <subfield code="a">LBB</subfield>
    <subfield code="b">LBB</subfield>
    <subfield code="c">B117</subfield>
    <subfield code="d">2015-11-02</subfield>
    <subfield code="o">FOR &#x179B;&#x17B9;&#x1798;&#x200B; 1992&#x200B; B117 Or.2</subfield>
    <subfield code="p">RUA026037</subfield>
    <subfield code="r">2015-11-02</subfield>
    <subfield code="w">2015-11-02</subfield>
    <subfield code="y">FOR</subfield>
  </datafield>
  <datafield tag="952" ind1=" " ind2=" ">
    <subfield code="0">0</subfield>
    <subfield code="1">0</subfield>
    <subfield code="2">ddc</subfield>
    <subfield code="4">0</subfield>
    <subfield code="6">FOR_&#x179B;&#x17B9;&#x1798;_1992_B117_OR_3_000000000000000</subfield>
    <subfield code="7">0</subfield>
    <subfield code="9">14239</subfield>
    <subfield code="a">LBB</subfield>
    <subfield code="b">LBB</subfield>
    <subfield code="c">B117</subfield>
    <subfield code="d">2015-11-02</subfield>
    <subfield code="o">FOR &#x179B;&#x17B9;&#x1798;&#x200B; 1992&#x200B; B117 Or.3</subfield>
    <subfield code="p">RUA026175</subfield>
    <subfield code="r">2015-11-02</subfield>
    <subfield code="w">2015-11-02</subfield>
    <subfield code="y">FOR</subfield>
  </datafield>
  <datafield tag="952" ind1=" " ind2=" ">
    <subfield code="0">0</subfield>
    <subfield code="1">0</subfield>
    <subfield code="2">ddc</subfield>
    <subfield code="4">0</subfield>
    <subfield code="6">FOR_&#x179B;&#x17B9;&#x1798;_1992_B117_OR_4_000000000000000</subfield>
    <subfield code="7">0</subfield>
    <subfield code="9">14240</subfield>
    <subfield code="a">LBB</subfield>
    <subfield code="b">LBB</subfield>
    <subfield code="c">B117</subfield>
    <subfield code="d">2015-11-02</subfield>
    <subfield code="o">FOR &#x179B;&#x17B9;&#x1798;&#x200B; 1992&#x200B; B117 Or.4</subfield>
    <subfield code="p">RUA026261</subfield>
    <subfield code="r">2015-11-02</subfield>
    <subfield code="w">2015-11-02</subfield>
    <subfield code="y">FOR</subfield>
  </datafield>
  <datafield tag="952" ind1=" " ind2=" ">
    <subfield code="0">0</subfield>
    <subfield code="1">0</subfield>
    <subfield code="2">ddc</subfield>
    <subfield code="4">0</subfield>
    <subfield code="6">FOR_&#x179B;&#x17B9;&#x1798;_1992_B117_OR_5_000000000000000</subfield>
    <subfield code="7">0</subfield>
    <subfield code="9">14241</subfield>
    <subfield code="a">LBB</subfield>
    <subfield code="b">LBB</subfield>
    <subfield code="c">B117</subfield>
    <subfield code="d">2015-11-02</subfield>
    <subfield code="o">FOR &#x179B;&#x17B9;&#x1798;&#x200B; 1992&#x200B; B117 Or.5</subfield>
    <subfield code="p">RUA027749</subfield>
    <subfield code="r">2015-11-02</subfield>
    <subfield code="w">2015-11-02</subfield>
    <subfield code="y">FOR</subfield>
  </datafield>
</record>
